Jeux vidéo français en image - Statistiques

Statistiques générales
  • Ce quiz a été pris 104 fois
  • Le résultat moyen est 8 sur 18
Statistiques - réponses
Par images Réponse % Correct
Just Dance
97%
Assassin's Creed
95%
Adibou 2
81%
Rayman 2 : The Great Escape
81%
Dofus
75%
TrackMania
67%
Detroit: Become Human
57%
Microsoft Flight Simulator
53%
Stray
49%
Life is Strange
45%
Tintin au Tibet
38%
A Plague Tale: Innocence
27%
Beyond Good & Evil
24%
The Lapins Crétins : La Grosse Aventure
16%
Dead Cells'
14%
Alone in the Dark
9%
Another World
3%
Dishonored
2%
Aucun quiz correspondant
Distribution des résultats
% des personnes avec chaque résultat
Percentile par nombre de réponses
Votre historique - résultats
Vous n’avez pas pris ce quiz